|
|
|
|
| LEADER |
00000nam a22000007a 4500 |
| 005 |
2021091002172.0 |
| 007 |
cr|||| |||| |
| 008 |
210910s2021 co |||||s|||| 00||0 spa d |
| 020 |
|
|
|a 978-958-792-262-2
|
| 035 |
|
|
|a 35044
|
| 040 |
|
|
|a vLex
|
| 090 |
|
|
|c 12407
|d 12407
|
| 100 |
1 |
|
|a Chu Rubio, Manuel
|
| 245 |
1 |
2 |
|a El ROI de las decisiones del marketing
|h [Recurso electrn̤ico] :
|b Un enfoque de rentabilidad /
|c Manuel Chu Rubio
|
| 256 |
|
|
|a Servicio en ln̕ea
|
| 260 |
|
|
|a Bogot:̀
|b Ediciones de la U,
|c 2021
|
| 300 |
|
|
|a 1 recurso electrn̤ico
|
| 500 |
|
|
|a Sabes cul̀ es la rentabilidad de las estrategias de marketing de tu empresa? Est ̀demostrado que las empresas que no miden la rentabilidad de sus inversiones en publicidad han desperdiciado mucho dinero. Es hora de hacer un verdadero anl̀isis financiero y para eso nace este libro, que permite vincular las mťricas del marketing con las finanzas de la empresa. A travš de anl̀isis de casos se ejemplificar ̀cm̤o cuantificar, entender e interpretar los reportes financieros, determinar la rentabilidad y, por lo tanto, tomar mejores decisiones en torno al marketing de la empresa y hacerla competitiva, al mismo tiempo que se crean productos y servicios ms̀ atractivos para los consumidores.
|
| 506 |
1 |
|
|a Disponible solo en los productos indicados
|d vLex Global
|d vLex Global (Academic Edition, excluding Law Schools)
|d vLex Global (U.S. Academic Edition, Law Schools)
|d vLex Global (U.S. Academic Edition, excluding Law Schools)
|d vLex Global (Academic Edition, Law Schools)
|
| 650 |
0 |
4 |
|a Marketing
|z Colombia
|
| 740 |
0 |
|
|a vLex Libros (Servicio en ln̕ea)
|
| 856 |
4 |
0 |
|u https://app.vlex.com/#/sources/35044
|z Acceso restringido
|
| 942 |
|
|
|c BOOK
|
| 999 |
0 |
|
|a Marketing
|